000 00311nam a22001337a 4500
003 OSt
005 20260115140836.0
008 260115b |||||||| |||| 00| 0 eng d
020 _a979-8-89373-416-4
040 _cSeven Seas Enterainment
100 _aTakano, Hisa
245 _aFairy Cat
_n1
942 _2ddc
_cMGA
_n0
999 _c1481
_d1481